000
00303nam a22001337a 4500
008
170623b xxu||||| |||| 00| 0 eng d
020
_a
9780075548522
041
_a
eng
080
_a
32
100
_a
21
101
_a
SHP
245
_a
THEORY OF INTERNATIONAL POLITICS
_c
WALTZ.K.N
942
_2
udc
_c
BK
999
_c
18882
_d
18882